Deutsche Städte - Statistiken

Allgemein
  • Dieses Quiz wurde 230 mal gespielt
  • Das Durchschnittsergebnis liegt bei 16 aus 17
Answers on the Grid
Answers color-coded by a green-red scale on the quiz's grid according to % correct below.
Berlin
Rio de Jainero
Nürnberg
Freiburg
Genf
Hamburg
Rostock
Graz
Tirol
Südtirol
München
Brandenburg
Riad
Köln
Gelsenkirchen
Valencia
Mainz
Wolfsburg
Liverpool
Cardiff
Stuttgart
Leipzig
Bremen
Sydney
HongKong
Trier
Bern
Pisa
Jena
Erfurt
 
Antwortstatistiken
Antwort % Korrekt
Bremen
98%
Freiburg
98%
Köln
98%
Stuttgart
98%
Berlin
97%
Erfurt
97%
Gelsenkirchen
97%
Hamburg
97%
Leipzig
97%
Mainz
97%
München
97%
Nürnberg
96%
Rostock
96%
Wolfsburg
96%
Jena
94%
Trier
94%
Brandenburg
93%
Keine übereinstimmenden Quizze gefunden
Verteilung der Resultate
Anzahl Personen mit jedem Resultat
Perzentil nach korrekt beantworteten Fragen
Ihre Resultats-Entwicklung
Sie haben dieses Quiz noch nicht gespielt